Diccionario de ortografía técnica: normas de metodología y presentación de trabajos científicos, bibliológicos y tipográficos
Tallennettuna:
| Päätekijä: | |
|---|---|
| Aineistotyyppi: | Kirja |
| Kieli: | espanja |
| Julkaistu: |
Madrid
Fundación Germán Sánchez Ruipérez
1987
|
| Sarja: | Biblioteca del Libro. Serie Maior
|
| Aiheet: | |
| Tagit: |
Lisää tagi
Ei tageja, Lisää ensimmäinen tagi!
|
MARC
| LEADER | 00000nam a2200000 a 4500 | ||
|---|---|---|---|
| 001 | UCP5176 | ||
| 003 | CL-VaPUC | ||
| 008 | 990903e19870000SP |||||||||||||||||spa|d | ||
| 082 | 0 | 4 | |a 413.028 |b MAR |2 21 |
| 100 | |a Martínez de Sousa, José |e autor |9 562458 | ||
| 245 | 1 | 0 | |a Diccionario de ortografía técnica: normas de metodología y presentación de trabajos científicos, bibliológicos y tipográficos |
| 300 | |a 421 p | ||
| 942 | |c BK | ||
| 945 | |d 19990903 00:00:00 |a rbrito | ||
| 260 | |a Madrid |b Fundación Germán Sánchez Ruipérez |c 1987 | ||
| 650 | 0 | |a Ortografía |9 309144 | |
| 650 | 0 | |a Lingüística |9 265068 | |
| 650 | 0 | |a Diccionarios |9 256200 | |
| 583 | |a last modification |c 19990903 00:00:00 |k Rodrigo Vera | ||
| 490 | 0 | |a Biblioteca del Libro. Serie Maior | |
| 999 | |c 282968 |d 282966 | ||
| 952 | |0 0 |1 0 |4 0 |6 413_028000000000000_MAR_1987 |7 0 |8 X |9 325668 |a BIBEDU |b BIBEDU |d 2019-11-20 |i 354446K |o 413.028 MAR 1987 |p 354446K |r 2023-01-13 |w 2019-11-20 |y BK_X |k CIT | ||